Folk Treasures of Mexico (Record no. 1185)

MARC details
000 -CABECERA
campo de control de longitud fija 01239nam a2200265 a 4500
001 - NÚMERO DE CONTROL
campo de control BRCA_1321
005 - FECHA Y HORA DE LA ÚLTIMA TRANSACCIÓN
campo de control 20190320203356.0
008 - DATOS DE LONGITUD FIJA--INFORMACIÓN GENERAL
campo de control de longitud fija 900103s1990 nyua---##b---#001-0#eng-#
020 ## - NÚMERO INTERNACIONAL ESTÁNDAR DEL LIBRO
Número Internacional Estándar del Libro 0810911825
050 #4 - SIGNATURA TOPOGRÁFICA DE LA BIBLIOTECA DEL CONGRESO
Número de clasificación NK844
Número de documento/Ítem .O35 1990
100 1# - ENTRADA PRINCIPAL--NOMBRE DE PERSONA
Nombre de persona Oettinger, Marion
9 (RLIN) 4324
245 10 - MENCIÓN DE TÍTULO
Título Folk Treasures of Mexico
Resto del título the Nelson A. Rockefeller Collection
Mención de responsabilidad, etc. by Marion Oettinger, Jr. ; foreword by Nelson A. Rockefeller ; preface by Ann Rockefeller Roberts ; introduction by Avon Neal ; commentaries on the plates by Annie O´Neill ; plate photographs by Lee Boltin and John Dyer.
260 ## - PUBLICACIÓN, DISTRIBUCIÓN, ETC.
Lugar de publicación, distribución, etc. Nueva York
Nombre del editor, distribuidor, etc. Harry N. Abrams
Fecha de publicación, distribución, etc. 1990
300 ## - DESCRIPCIÓN FÍSICA
Extensión 223 p
Otras características físicas il (algunas a color)
Dimensiones 29 cm.
500 ## - NOTA GENERAL
Nota general Catálogo de la exposición realizada en San Antonio Museum of Art and the Mexican Museum, San Francisco
500 ## - NOTA GENERAL
Nota general Incluye índice alfabético
504 ## - NOTA DE BIBLIOGRAFÍA, ETC.
Nota de bibliografía, etc. Bibliografía : p. 211-214
600 14 - PUNTO DE ACCESO ADICIONAL DE MATERIA--NOMBRE DE PERSONA
Nombre de persona Rockefeller, Nelson A.
Fechas asociadas al nombre 1908-1979
Forma completa/desarrollada del nombre (Nelson Aldrich)
Subdivisión general Colecciones de arte
9 (RLIN) 4325
650 14 - PUNTO DE ACCESO ADICIONAL DE MATERIA--TÉRMINO DE MATERIA
Término de materia o nombre geográfico como elemento de entrada Arte popular
Subdivisión geográfica México
9 (RLIN) 882
650 14 - PUNTO DE ACCESO ADICIONAL DE MATERIA--TÉRMINO DE MATERIA
Término de materia o nombre geográfico como elemento de entrada Arte popular
Subdivisión general Colecciones privadas
Subdivisión geográfica Nueva York (Estados Unidos)
9 (RLIN) 4326
700 1# - PUNTO DE ACCESO ADICIONAL--NOMBRE DE PERSONA
Nombre de persona A. Rokefeller, Nelson
9 (RLIN) 4327
700 1# - PUNTO DE ACCESO ADICIONAL--NOMBRE DE PERSONA
Nombre de persona Rokefeller Roberts, Ann
9 (RLIN) 4328
700 1# - PUNTO DE ACCESO ADICIONAL--NOMBRE DE PERSONA
Nombre de persona Neal, Avon
9 (RLIN) 4329
942 ## - ELEMENTOS DE PUNTO DE ACCESO ADICIONAL (KOHA)
Fuente del sistema de clasificación o colocación Library of Congress Classification
Tipo de ítem Koha Libros
Holdings
Estado de retiro Estado de pérdida Estado dañado No para préstamo Localización permanente Ubicación/localización actual Fecha de adquisición Total de préstamos Signatura topográfica completa Código de barras Fecha visto por última vez Precio válido a partir de Tipo de ítem Koha
El ejemplar forma parte de la colección y puede ser consultado según las políticas vigentes.       Biblioteca del Museo Franz Mayer (Rogerio Casas-Alatriste) Biblioteca del Museo Franz Mayer (Rogerio Casas-Alatriste) 26/06/2008   NK844 .O35 1990 01837 22/03/2019 22/03/2019 Libros